| 000 | 00373nam a2200133Ia 4500 | ||
|---|---|---|---|
| 008 | 260210s9999 xx 000 0 und d | ||
| 024 | _a04A-20-BS | ||
| 082 | _a658.514072 MON | ||
| 100 | _aMonis Ahmed Siddiqui | ||
| 245 | 0 | _aOnline Invoicing Software (VIEGA) | |
| 260 |
_aKarachi: _bUITU, _c2004 |
||
| 600 | _aComputer Science | ||
| 650 | _aBachelor of Computer Science (BS) | ||
| 999 |
_c31927 _d31927 |
||